000 00911nam a2200277Ii 4500
001 17672
003 BD-RjUL
005 20211209000157.0
008 140217s1951 xx 00000 eng
035 _a(BD-RjUL)17730
040 _aDLC
_cCCH
_dm.c.
_dBOS
_beng
041 _aeng
082 _a821.9
_bFUS 1951
090 _aPR6037.I83
_bZ5 F51
100 1 0 _aFulford, Roger,
_d1902-
_954476
245 1 0 _aOsbert Sitwell /
_cROGER FULFORD
260 _aLondon :
_bBritish Council
_c1951
300 _a44 p. :
_bport. ;
_c22 cm.
490 1 _aBibliographical series of supplements to British Book News on writers and their work,
_v[no. 16]
504 _aBibliography: p. 37-40.
600 1 0 _aSitwell, Osbert,
_d1892-1969.
_954481
830 0 _vno. 16.
_954482
830 0 _aBibliographical series of supplements to British book news on writers and their work,
_954483
942 _2ddc
_cBK
999 _c17672
_d17672